Statistics for Countries Muhammad Ali visited

Click here to take the quiz!

General Stats

  • This quiz has been taken 24 times
    (9 since last reset)
  • The average score is 21 of 29

Answer Stats

Continent Country % Correct
North AmericaMexico
100%
North AmericaUnited States of America
100%
AfricaEgypt
100%
EuropeGermany
100%
EuropeUnited Kingdom
100%
AsiaJapan
100%
North AmericaCanada
100%
North Americathe Bahamas
88%
AsiaChina
88%
AsiaIran
88%
EuropeIreland
88%
AfricaSouth Africa
88%
AfricaSudan
75%
EuropeSpain
75%
AfricaNigeria
75%
AfricaLiberia
75%
South AmericaVenezuela
75%
AfricaDemocratic Republic of the Congo
75%
AsiaSaudi Arabia
63%
AfricaKenya
63%
AsiaMalaysia
50%
AsiaIndonesia
50%
EuropeSwitzerland
50%
AfricaGhana
50%
AsiaLebanon
38%
Asiathe Philippines
38%
AfricaIvory Coast
38%
AsiaUnited Arab Emirates
25%
AsiaNorth Korea
13%

Score Distribution

Percentile by Number Answered

Percent of People with Each Score

Your Score History

You have not taken this quiz since the last reset